| 000 | 00709cab a2200205 4500 | ||
|---|---|---|---|
| 001 | WB2923-44 | ||
| 008 | 090401t1993 xxu||||| |||| 00| 0 eng d | ||
| 035 | _a(Sirsi) u54427 | ||
| 041 | _aeng | ||
| 245 | _aEnvironmental threats rule out drilling | ||
| 260 | _c1993 | ||
| 350 | _a0 | ||
| 490 |
_aGuardian _v15 June 1993, 13(1) |
||
| 520 | _aEnvironmental concerns rule out new oil and gas exploration near the coast at a number of sites according to the Energy Minister when he announced which companies had been successful in bids for exploration licences. | ||
| 650 | _aOFFSHORE OIL EXPLORATION | ||
| 650 | _aOIL EXPLORATION | ||
| 690 | _aMINING AND MINERALS | ||
| 942 | _n0 | ||
| 948 | _c04/03/1997 | ||
| 999 |
_c33362 _d33362 |
||